00806cam a2200289 n 450000100060000001000150000600500170002102100180003809000100005610000410006610600060010710500180011310200070013110100080013893000110014667500300015767500190018770200340020670000310024020500110027120000690028221500280035121000240037922500240040399000110042799500780043827287 a972221428420220405165217.0 aPTb152522/00 a27287 a20060316d2000 d y0pory5003 ba ar aa z 001ay aPT0 apor lBE/CRE a821.134.3-93"19"vBNzpor a087.5vBNzpor 1aMalaquiasbCristina44409448 1aSaldanhabAnaf1959-91789 a2ª ed1 aTrês semanas com a avófAna Saldanhagil. Cristina Malaquias a103, [4] p.cil.d19 cm aLisboacVerbod20002 aGrande prémiov11 cLIVROS 0010937522bEBSISdEBSISf3539EVk087.5 SALo0rLIVROSaEBSIScEBSISq18